| 000 | 01014nam a2200265Ia 4500 | ||
|---|---|---|---|
| 003 | OSt | ||
| 005 | 20220923211141.0 | ||
| 006 | a|||||r|||| 00| 0 | ||
| 007 | ta | ||
| 008 | 220922b |||||||| |||| 00| 0 san d | ||
| 020 |
_a8186111255 (hbk) _c240 |
||
| 024 | _a265,987 | ||
| 037 |
_b112, 09/08/2012, Eastern Book Linkers _cTextual |
||
| 040 |
_aARTS _cARTS _bsan |
||
| 041 |
_2san _asan |
||
| 082 | _aR625x8,1,2, 15P6 | ||
| 100 |
_aविश्रनाथशास्त्री, मुल्ळपूडि _9158772 |
||
| 245 | 0 | _aसिद्धा×जनम् | |
| 246 | _aSiddhā×janam | ||
| 260 |
_aनवदेहली _b राष्ट्रियसंस्कृतसंस्थानम् _c2006 |
||
| 300 |
_a210पृ0 _ccm. |
||
| 650 | _aभारतीय दर्शन | ||
| 942 |
_hR625x8,1,2, 15P6 _cTEXL _2CC |
||
| 999 |
_c295965 _d295965 |
||